000 00574nam a2200193Ia 4500
008 101110s9999 xx 000 0 und d
041 _aMARATHI
082 _bSR6984
_a341.47054
100 _aJoshi B.D.
245 _aVyaparvishayak Kayade, Audhyogik Kayade Ani Companyancha Kayada
365 _b13
520 _aCommerce
546 _aMARATHI
630 _aVyaparvishayak Kayade, Audhyogik Kayade Ani Companyancha Kayada
650 _aCommerce
655 _aCommerce
730 _aVyaparvishayak Kayade, Audhyogik Kayade Ani Companyancha Kayada
942 _cBOOK
999 _c802724
_d802721